[Event "Titled Tuesday intern op 12th Mar Early"]
[Site "Chess.com INT"]
[Date "2024.03.12"]
[Round "2"]
[White "Mitev, Valentin"]
[Black "Vantika, Agrawal"]
[Result "1-0"]
[WhiteElo "2261"]
[BlackElo "2398"]
[PlyCount "165"]
[EventDate "2024.03.12"]
[EventType "swiss (blitz)"]
[EventRounds "11"]
[EventCountry "USA"]
[SourceTitle "CB12_2024"]
[SourceDate "2023.10.01"]
[SourceVersion "1"]
[SourceVersionDate "2023.10.01"]
[SourceQuality "1"]

1. d4 d6 2. c4 e5 3. Nf3 e4 4. Nfd2 f5 5. Nc3 Nf6 6. e3 Be7 7. Be2 0-0 8. 0-0 c6 9. d5 c5 10. f3 exf3 11. Nxf3 Nbd7 12. Ng5 Ne5 13. Ne6 Bxe6 14. dxe6 Qc8 15. Nd5 Qxe6 16. Nc7 Qd7 17. Nxa8 Rxa8 18. Bd2 Ne4 19. Bc3 Nxc3 20. bxc3 Re8 21. Qd5+ Kh8 22. Rad1 Bf8 23. e4 fxe4 24. Rxf8+ Rxf8 25. Qxe5 Qf7 26. Qxe4 Re8 27. Qf3 Qe7 28. Bd3 g6 29. Rf1 Kg7 30. h3 b6 31. a4 Qe3+ 32. Kh1 Qxf3 33. Rxf3 Re1+ 34. Kh2 Ra1 35. Be4 Rxa4 36. Bd5 h5 37. Rf7+ Kh6 38. Rf6 Ra3 39. Be4 Kg5 40. Rxg6+ Kf4 41. Bd5 Rxc3 42. Rxd6 h4 43. Rg6 Ra3 44. Rg4+ Kf5 45. Rxh4 a5 46. Rh6 Rb3 47. Bc6 Rb4 48. Bb5 a4 49. Rxb6 a3 50. Ra6 Rb3 51. Bd7+ Ke5 52. h4 Kd4 53. h5 Kc3 54. h6 Kb2 55. Bb5 Rd3 56. Ra8 Rd6 57. Ra6 Rxa6 58. Bxa6 a2 59. h7 a1Q 60. h8Q+ Ka2 61. Qxa1+ Kxa1 62. g4 Kb2 63. g5 Kc3 64. g6 Kb4 65. Bb5 Ka5 66. g7 Kb6 67. g8Q Ka5 68. Qg3 Kb4 69. Qe1+ Ka3 70. Kg3 Ka2 71. Kf3 Kb2 72. Qe3 Kc2 73. Ke2 Kb2 74. Qd3 Ka2 75. Kd2 Kb2 76. Qc3+ Ka2 77. Qa5+ Kb3 78. Qa4+ Kb2 79. Bc6 Kb1 80. Be4+ Kb2 81. Qb5+ Ka2 82. Kc2 Ka3 83. Qb3# 1-0

[Event "Swiss Queens Wed #5"]
[Site "FIDE Online Arena INT"]
[Date "2024.02.28"]
[Round "7"]
[White "Vantika, Agrawal"]
[Black "Aliaga Fernandez, Ingrid Yadira"]
[Result "0-1"]
[WhiteElo "2398"]
[BlackElo "2147"]
[PlyCount "88"]
[EventDate "2024.02.28"]
[EventType "swiss (blitz)"]
[EventRounds "11"]
[EventCountry "NET"]
[SourceTitle "CB10_2024"]
[SourceDate "2024.03.06"]
[SourceVersion "1"]
[SourceVersionDate "2024.03.06"]
[SourceQuality "1"]

1. d4 d5 2. c4 e6 3. Nf3 Nf6 4. g3 dxc4 5. Bg2 Nc6 6. 0-0 Be7 7. Qa4 0-0 8. Qxc4 a6 9. Rd1 Rb8 10. a3 Bd7 11. Ne5 Na5 12. Qc2 Bd6 13. b4 Nc6 14. Nxc6 Bxc6 15. Bxc6 bxc6 16. Qxc6 Rb5 17. Nc3 Rh5 18. Qf3 g6 19. e4 Be7 20. Bb2 c6 21. Rac1 a5 22. e5 Nd5 23. Nxd5 cxd5 24. b5 Rf5 25. Qe2 h5 26. Rc6 Bg5 27. Bc1 Be7 28. a4 Bb4 29. h4 Qd7 30. Bg5 Be7 31. Bxe7 Qxe7 32. Rdc1 Qb4 33. b6 Kg7 34. Kg2 Rb8 35. Qb5 Qxd4 36. R1c2 Qe4+ 37. Kg1 Rxe5 38. b7 Qe1+ 39. Kg2 Qe4+ 40. f3 Qf5 41. Rc8 Re3 42. Rxb8 Qxf3+ 43. Kg1 Qxg3+ 44. Kf1 Re1# 0-1